000 00524cam a2200169 4500500
005 20260329004238.0
041 _afre
042 _adc
100 1 0 _aMorel, François
_eauthor
245 0 0 _a“Il faut imaginer Sisyphe heureux”
260 _c2019.
500 _a54
690 _aFrançois Morel
690 _aSisyphe
786 0 _nPhilosophie magazine | 126 | 2 | 2019-02-01 | p. 63-63 | 1951-1787
856 4 1 _uhttps://shs.cairn.info/magazine-philosophie-magazine-2019-2-page-63?lang=fr&redirect-ssocas=7080
999 _c1832102
_d1832102